000 00755cam a2200265 a 4500
001 22329
003 BD-RjUL
005 20211209000808.0
008 140308s1965 enka b 001 0 eng d
035 _a(BD-RjUL)22394
040 _aBD-RjUL
_beng
_cBD-RjUL
_dBD-RjUL
041 _aeng
082 _a901.9
_bCHM
100 1 _aChilde, V. Gordon
_q(Vere Gordon),
_d1892-1957
_934294
245 1 0 _aMan makes himself /
_cBy V. Gordon Childe
250 _a4th ed. :
260 _aLondon :
_bWatts,
_c1965.
300 _axvii, 244 p. :
_bill. ;
_c18 cm.
500 _aFirst publ. 1936.
650 0 _aCivilization, Ancient.
_934340
650 0 _aArchaeology.
_968952
650 0 _aPrehistoric peoples.
_968953
650 0 _aProgress.
_968954
942 _2ddc
_cBK
999 _c22329
_d22329